Metabolic maps of pesticides /

Bibliographic Details
Format: Book
Language:English
Published: New York : Academic Press, 1982.
Series:Ecotoxicology and environmental quality series.
Subjects:

MARC

Tag First Indicator Second Indicator Subfields
LEADER 00000cam a22000008a 4500
001 in00000095392
005 20150923173504.0
008 820118s1982 nyua b 00100 eng
010 |a  82001611  
020 |a 0120464802 
035 |a (OCoLC)08171933 
035 |9 AAK8033AM 
039 0 |a 2  |b 3  |c 3  |d 3  |e 3 
040 |a DLC  |c DLC  |d TXA  |d UtOrBLW 
049 |a TXAM  |c [1197270] 
050 0 0 |a QP801.P38  |b M47 
082 0 |a 591.2/1  |2 19 
245 0 0 |a Metabolic maps of pesticides /  |c [edited by] Hiroyasu Aizawa. 
263 |a 8203 
264 1 |a New York :  |b Academic Press,  |c 1982. 
300 |a xvi, 243 pages :  |b illustrations ;  |c 25 cm. 
336 |a text  |b txt  |2 rdacontent 
337 |a unmediated  |b n  |2 rdamedia 
338 |a volume  |b nc  |2 rdacarrier 
490 1 |a Ecotoxicology and environmental quality series 
504 |a Includes bibliographical references and indexes. 
650 0 |a Pesticides  |x Metabolism  |x Handbooks, manuals, etc. 
830 0 |a Ecotoxicology and environmental quality series. 
999 |a MARS 
999 f f |s d6c4cf6e-2ea4-300b-8864-fb47444f6720  |i af960a36-0d2b-3231-8748-2bdcc8054c33  |t 0 
952 f f |p ric  |a Texas A&M University  |b Rellis Campus  |c Joint Library Facility  |d Remote Storage  |t 0  |e QP801.P38 M47  |h Library of Congress classification  |i unmediated -- volume  |m A14806026475 
998 f f |a QP801.P38 M47  |t 0  |l Remote Storage